|
|
|
|
| LEADER |
01551cam a2200445 a 4500 |
| 001 |
nkc20132510866 |
| 003 |
CZ PrNK |
| 005 |
20140703114519.0 |
| 007 |
ta |
| 008 |
131011s2013 xr a g 000 h cze d |
| 015 |
|
|
|a cnb002510866
|
| 020 |
|
|
|a 978-80-7429-400-6
|q (váz.) :
|c Kč 148,00
|
| 035 |
|
|
|a (OCoLC)864849698
|
| 040 |
|
|
|a KLG001
|b cze
|d OLA001
|
| 043 |
|
|
|a e-xr---
|
| 045 |
|
|
|a y-y-
|
| 072 |
|
7 |
|a 74
|x Kresba. Umělecká řemesla
|2 Konspekt
|9 21
|
| 080 |
|
|
|a 741.5
|2 MRF
|
| 080 |
|
|
|a (437.3)
|2 MRF
|
| 080 |
|
|
|a (0:82-845)741.5
|2 MRF
|
| 080 |
|
|
|a (084.11)
|2 MRF
|
| 100 |
1 |
|
|a Kemel, Miroslav,
|d 1963-
|7 jn20000401332
|4 aut
|4 ill
|
| 245 |
1 |
0 |
|a Posmutnělé žerty /
|c Miroslav Kemel
|
| 250 |
|
|
|a Vyd. 1.
|
| 260 |
|
|
|a Praha :
|b Vyšehrad,
|c 2013
|
| 300 |
|
|
|a [84] s. :
|b vše. il. ;
|c 19 cm
|
| 600 |
1 |
7 |
|a Kemel, Miroslav,
|d 1963-
|7 jn20000401332
|2 czenas
|
| 648 |
|
7 |
|a 21. století
|7 ch460559
|2 czenas
|
| 650 |
0 |
7 |
|a kreslený humor
|7 ph121946
|z Česko
|y 21. století
|2 czenas
|
| 650 |
0 |
9 |
|a pictorial humor
|z Czechia
|y 21st century
|2 eczenas
|
| 655 |
|
7 |
|a kreslené vtipy
|7 fd132683
|2 czenas
|
| 655 |
|
7 |
|a obrazové publikace
|7 fd132947
|2 czenas
|
| 655 |
|
9 |
|a jokes
|2 eczenas
|
| 655 |
|
9 |
|a pictorial works
|2 eczenas
|
| 856 |
4 |
1 |
|u http://www.digitalniknihovna.cz/mzk/uuid/uuid:5e472030-aed8-11ea-998c-005056827e51
|y Digitalizovaný dokument
|x NDK
|
| 910 |
2 |
|
|a BOA001
|b 1-1312.585
|
| 990 |
|
|
|a BK
|
| 995 |
|
|
|a 01
|
| 991 |
|
|
|b 201311
|e b
|
| 996 |
6 |
|
|b 2610569882
|c 1-1312.585
|l MZK
|r Sklad / do 1 hodiny
|n 0
|p p.v.
|w 001382511
|u 000010
|a 1
|e BOA001
|j MZK50
|s P
|